000 00675nam a2200229 a 4500
001 14159
003 BD-JhCC
005 20250203132123.0
008 250203b20092021e a|||| ||a| 001 0 eng d
020 _a9780241525685
035 _a(BD-JhCC)14159
040 _aBD-JhCC
_dBD-JhCC
041 _aenglish
082 _a940.32
_bHOL 2021
100 _a Holmes,Richard
245 _aWorld War II :
_bThe definitive visual guide /
_cRichard Holmes.
260 _a London:
_bDorling Kindersley Limited;
_c2021.
300 _a372 p. :
_bill;
_c29 cm.
600 _a History and Tradition
_cWorld War, 1914-1918
_x1914-1918
_zMilitary campaigns
942 _2ddc
_cBK
999 _c14159
_d14159